000 01352naa a22003017a 4500
001 BR7100141
003 BR-BrBNA
005 20240918173417.0
007 ta
008 230509b bl.||||| |||| 00| 0 por d
040 _aBR-BrBNA
_bpor
_cBiblioteca Nacional de Agricultura
041 _a(Pt)
072 _aP34; F61
_b1950
090 _aP34 BR7100141
100 1 _aFreitas, L.M.M. de
111 1 _aSeminario sobre Metodologia e Planejamento de Pesquisa com Leguminosas Tropicais
_cCampos, RJ (Brazil)
_d25 Jul 1970
245 1 _aAdubacao de leguminosas tropicais [nutricao vegetal, solo, fixacao simbiotica de nitrogenio, bacteria, Rhizobium]
260 3 _aBrasilia, DF (Brasil):
_c1971.
500 _aDobereiner, J.; Eire, P.A. da; Franco, A.A.; Campelo, A.B. (eds.) As leguminosas na agricultura tropical Brasilia, DF (Brasil): 1971. p. 193-210 (BR7100141-AM)P34
650 _aNUTRICAO VEGETAL
650 _aSOLO
650 _aLEGUMINOSA FORRAGEIRA
650 _aFIXACAO SIMBIOTICA DE NITROGENIO
650 _aRHIZOBIUM
773 0 _tAs leguminosas na agricultura tropical
_aDobereiner, J.; Eire, P.A. da; Franco, A.A.; Campelo, A.B. (eds.). Departamento Nacional de Pesquisa Agropecuaria, Brasilia, DF (Brasil)
_wP34 BR7100141
_gBrasilia, DF (Brasil), 1971. p. 193-210
909 _a202404
_bLucia
_c55
_dLucia Elande
942 _cAM
_2AGRIS
999 _c304454
_d304454